| 000 | 00505nam a22001577a 4500 | ||
|---|---|---|---|
| 003 | SISC | ||
| 005 | 20161021094007.0 | ||
| 008 | 161021b xxu||||| |||| 00| 0 eng d | ||
| 020 | _a9781682852750 | ||
| 050 |
_aTK 5105.59 _b.T873 2016 |
||
| 245 |
_aTrust management and information security / _cedited by Stephen Mason. |
||
| 260 |
_aNew York : _bWillford Press, _c2016. |
||
| 300 |
_a263 pages : _billustrations (some color) ; _c27 cm. |
||
| 500 | _aIncludes bibliographical references. | ||
| 942 |
_2lcc _cBK |
||
| 999 |
_c305161 _d305161 |
||